Capitals by Flags of Europe Quiz - Statistics

General Stats
  • This quiz has been taken 3,564 times
    1,598 since last reset
  • The average score is 37 of 45
Answer Stats
Picture Answer % Correct
London
100%
Berlin
99%
Madrid
98%
Athens
96%
Paris
96%
Dublin
95%
Lisbon
95%
Rome
95%
Moscow
94%
Oslo
94%
Stockholm
94%
Amsterdam
93%
Helsinki
93%
Copenhagen
92%
Kiev
91%
Vatican City
91%
Brussels
89%
Reykjavik
89%
Warsaw
89%
Luxembourg
88%
Vienna
88%
Bern
87%
Budapest
86%
San Marino
86%
Monaco
85%
Prague
83%
Sofia
82%
Bucharest
79%
Riga
79%
Valletta
77%
Tirana
76%
Zagreb
75%
Tallinn
74%
Skopje
72%
Andorra la Vella
71%
Minsk
71%
Vilnius
71%
Belgrade
70%
Bratislava
68%
Sarajevo
66%
Ljubljana
65%
Chisinau
64%
Vaduz
64%
Pristina
59%
Podgorica
57%
No matching quizzes found
Score Distribution
Percent of People with Each Score
Percentile by Number Answered
Your Score History
You have not taken this quiz since the last reset